000 00811nas a2200277 4500
001 BR0100136
003 BR-BrBNA
005 20231205102035.0
007 ta
008 230509b bl.|||p| |||| 00| 00por d
040 _aBR-BrBNA
_bpor
_cBiblioteca Nacional de Agricultura
041 _a(Pt)
072 _aF30
100 1 _aRaseira, M. do C.B.
100 1 _aNakasu, B.H.
100 1 _aGrellmann, E.O.
100 1 _aSimonetto, P.R.
245 1 _aEMBRAPA 147: cultivar Marfim, pessego de polpa branca para consumo "in natura"
650 _aPessego
650 _aVariedade
650 _aConsumo
650 _aTransporte
773 0 _tAgropecuaria Clima Temperado (Brazil)
_xISSN 1415-6822
_g(1998), v. 1(2) p. 275-277
_wBR0100136
909 _a202311
_bLúcia
_c55
_dLúcia Elande
942 _2AGRIS
_n0
_cANA
999 _c165404
_d165404